Možnosti určenia tiažového zrýchlenia na bodoch Štátnej nivelačnej siete

Saved in:
Bibliographic Details
Main Author: Podolský, Filip (Author)
Other Authors: Papčo, Juraj (Thesis advisor)
Format: Manuscript Book
Language:Slovak
Published: 2025
Subjects:
Online Access:http://is.stuba.sk/zp/portal_zp.pl?podrobnosti=192448
CRZP
Tags: Add Tag
No Tags, Be the first to tag this record!

MARC

LEADER 00000ntm a22000003a 4500
001 stuzp104718
003 SK-STU
005 20250731150234.6
007 ta
008 150427s2015----xo-----f-mn---000-0-slo-d
040 |a STU  |b slo 
041 0 |a slo 
100 1 |a Podolský, Filip  |u 010130  |4 aut  |U SvF Stavebná fakulta  |T SvF Katedra globálnej geodézie a geoinformatiky  |X 97010  |U V130  |Y 13  |7 97010 
242 0 1 |a Gravity determination at the points of State leveling network  |y eng 
245 1 0 |a Možnosti určenia tiažového zrýchlenia na bodoch Štátnej nivelačnej siete 
260 |c 2025 
650 4 |a Kriging interpolation  |2 eng 
650 4 |a complete bouguer anomalies  |2 eng 
650 4 |a digital terrain model  |2 eng 
650 4 |a gravitational acceleration  |2 eng 
650 4 |a Krigingova interpolácia  |2 slo 
650 4 |a úplné Bouguerove anomálie  |2 slo 
650 4 |a digitálny model reliéfu  |2 slo 
650 4 |a tiažové zrýchlenie  |2 slo 
700 1 |a Papčo, Juraj  |u 010130  |k Z2  |4 ths  |U SvF Stavebná fakulta  |T SvF Katedra globálnej geodézie a geoinformatiky  |X 714  |U V130  |Y 13  |7 A000000714 
856 4 |u http://is.stuba.sk/zp/portal_zp.pl?podrobnosti=192448 
856 4 |u https://opac.crzp.sk/?fn=detailBiblioForm&sid=226A7A544DA3649F67503FE9F6D0  |z CRZP